Biblioteca

Familia y cultura en Colombia : Tipologías, funciones y dinámica en la familia, Manifestaciones múltiples a través del mosaico cultural y sus estructuras sociales / Virginia Gutiérrez de Pineda (Registro nro. 40166)

Detalles MARC
000 -LÍDER
Campo fijo de descripción fija 006150000a22001690004500
041 0# - CÓDIGO DE IDIOMA
Código de idioma para texto/pista de sonido o título separado
082 04 - NÚMERO DE CLASIFICACIÓN DECIMAL DEWEY
Número de clasificación G 392.3602 G9847f
001 - NÚMERO DE CONTROL
Campo de control 10703
100 1# - ASIENTO PRINCIPAL--NOMBRE PERSONAL
Nombre personal Gutiérrez de Pineda, Virginia
245 10 - TÍTULO
Título del Material Familia y cultura en Colombia : Tipologías, funciones y dinámica en la familia, Manifestaciones múltiples a través del mosaico cultural y sus estructuras sociales / Virginia Gutiérrez de Pineda
260 ## - PUBLICACIÓN, DISTRIBUCIÓN, ETC. (PIE DE IMPRENTA)
Lugar de publicación, distribución, etc. Colombia : Universidad Nacional de Colombia
300 ## - DESCRIPCIÓN FÍSICA
Extensión 415 Pag
336 ## - CONTENT TYPE
Content type term texto
Content type code txt
Source rdacontent
337 ## - MEDIA TYPE
Source rdamedia
Media type term sin mediación
Media type code n
338 ## - CARRIER TYPE
Source rdacarrier
Carrier type term volumen
Carrier type code nc
942 ## - TIPO DE MATERIAL (KOHA)
Tipo de Item KOHA Libros General
Existencias
Estado de Material Estado de Perdido Estado de Dañado No para Préstamo Colección Tomo Biblioteca de Origen Biblioteca Permanente Fecha de Adquisición Total de Préstamos Total de Renovaciones Signatura Topográfica Código de Barras Última vez visto Última vez Préstado Ejemplar/Existencia Fecha de Remplazo Tipo de Material
        Colección General   Biblioteca FUSBC Biblioteca FUSBC 25/01/2005 3 1 G 392.3602 G9847f 9533 01/03/2022 19/02/2022 1 26/01/2016 Libros General

Biblioteca FUSBC | Teléfono: (57+4) 349 88 10 Ext. 141| WhatsApp (+57) 3005338115 
E-mail: biblioteca@unisbc.edu.co | Calle 76 87-14 Robledo Palenque, Medellín, Colombia

Con tecnología Koha